| 000 | 00668nam a2200181Ia 4500 | ||
|---|---|---|---|
| 003 | GCL | ||
| 008 | 140319s9999 xx 000 0 ara d | ||
| 040 |
_aGCL / _cGCL |
||
| 082 | 0 | 4 |
_a375.001 _bم ن |
| 100 | 1 | _aمحمد احمد الغنام | |
| 245 | 1 | 0 |
_aنحو استراتيجية الكيف فى التخطيط التربوى: التخطيط لتطوير المناهج فى البلاد العربية / _cمحمد احمد الغنام |
| 300 | _a152 ص | ||
| 490 |
_aالهيئة العامة للاستعلامات _v0 |
||
| 650 | 0 | 4 | _aالمناهج |
| 650 | 0 | 4 | _aالتخطيط التربوى |
| 650 | 0 | 4 | _aالمناهج - تخطيط |
| 942 |
_2ddc _cBK |
||
| 999 |
_c50641 _d50641 |
||